Największe polskie miasta zawierające literę E - Statystyki

Ogólne statystyki
  • Ten quiz został rozwiązany 44 razy
  • Średni wynik to 12 z 15
Statystyki odpowiedzi
Województwo Populacja Miasto % Poprawnych
Opolskie 126 300 Opole
98%
Śląskie 279 119 Katowice
95%
Zachodniopomorskie 390 278 Szczecin
95%
Świętokrzyskie 183 147 Kielce
93%
Podkarpackie 197 536 Rzeszów
93%
Śląskie 170 457 Gliwice
85%
Lubuskie 139 132 Zielona Góra
85%
Warmińsko-mazurskie 113 195 Elbląg
83%
Lubuskie 115 847 Gorzów Wielkopolski
80%
Dolnośląskie 92 568 Legnica
80%
Śląskie 154 642 Zabrze
80%
Śląskie 188 151 Sosnowiec
78%
Śląskie 166 189 Bielsko-Biała
68%
Kujawsko-pomorskie 101 450 Włocławek
63%
Śląskie 82 788 Jastrzębie-Zdrój
54%
Nie znaleziono quizów pasujących do podanych kryteriów
Rozkład punktacji
Procent ludzi z każdym wynikiem
Percentyl według liczby udzielonych odpowiedzi
Twoja historia wyników
Nie rozwiązałeś tego quizu